| 000 | 00841nam a22002057a 4500 | ||
|---|---|---|---|
| 003 | BD-DhSAU | ||
| 005 | 20190303163454.0 | ||
| 008 | 160823b2016 bg ||||| |||| 001 0 eng d | ||
| 040 | _aBD-DhSAU | ||
| 082 |
_222 _a658.8 _bH27 |
||
| 100 |
_aDhiman Roy , _eRegistration # 10-0417 |
||
| 245 |
_a A Study in General Banking & Credit Management system of Janata Bank Limited _bMS thesis _cRoy , Dhiman |
||
| 260 |
_aSher-e-Bangla Agricultural Uniersity : _bDepartment of Agribusiness & Marketing _c2017 |
||
| 300 |
_avii, 52 p. : _bill. ; _c30 cm. |
||
| 500 | _aMS thesis, Department of Agribusiness and marketing, Faculty of Agribusiness Management, Sher-e-Bangla Agricultural University, Dhaka, Bangladesh | ||
| 590 | _aShofi | ||
| 650 | _aAgribusiness and Marketing | ||
| 700 |
_aDewan , Bisakha _eSupervisor |
||
| 942 |
_2ddc _cTHESIS |
||
| 999 |
_c14104 _d14103 |
||